Úspešná a perspektívna symbióza V topoľčianskom žrebčíne sa chovateľstvo snúbi s jazdeckým športom

Bibliographic Details
Main Authors: Gressner, Juraj, 1937- (Author), Hučko, Vladimír, 1925-2005 (Author)
Format: Article
Language:Slovak
Subjects:

MARC

LEADER 00000nab a2200000 a 4500
001 vtls000607909
003 SK-MaSNL
005 20260303202707.0
008 160401c1996 xo 0 slo
015 |a SNBRB19rr/mm-uuuuu 
035 |a CL0608048 
040 |a SNKBUCL  |b slo  |c SNKBUCL  |e AACR2 
041 0 |a slo 
044 |a xo  |c SK 
080 |a 798.2(437.6):636.1:061.5(437.6)  |2 1981 
080 |a 636.1:061.5(437.6)  |2 1981 
080 |a 631.14(437.6)  |2 1981 
100 1 |a Gressner, Juraj,  |d 1937-  |4 aut  |9 37712 
245 1 0 |a Úspešná a perspektívna symbióza  |b V topoľčianskom žrebčíne sa chovateľstvo snúbi s jazdeckým športom  |c Juraj Gressner, Vladimír Hučko 
610 2 7 |a Národný žrebčín (Topoľčianky, Slovensko)  |2 snkbucl  |9 180030 
650 0 7 |a jazdectvo  |2 snkbucl  |9 3225 
650 0 7 |a kone  |2 snkbucl  |9 2809 
651 7 |a 5206  |2 snkbucl  |9 283253 
655 7 |a články z novín a časopisov  |2 snkbucl  |9 267496 
700 1 |a Hučko, Vladimír,  |d 1925-2005  |4 aut  |9 169692 
773 0 |t Roľnícke noviny  |g Č. 295 (18. 12. 1996) 
773 0 |t [Príl.] Beseda  |g Roč. 4, č. 27 (1996), s. 4 
850 |a Slovenská národná knižnica v Martine  |a MTA001 
852 |a SNK  |b KIS3GCP 
958 |a SK 
958 |a RK 
958 |a RBX 
999 |c 2181221  |d 2183151